<?xml version="1.0" encoding="UTF-8"?><?xml-stylesheet type="text/xsl" href="static/style.xsl"?><OAI-PMH xmlns="http://www.openarchives.org/OAI/2.0/" xmlns:xsi="http://www.w3.org/2001/XMLSchema-instance" xsi:schemaLocation="http://www.openarchives.org/OAI/2.0/ http://www.openarchives.org/OAI/2.0/OAI-PMH.xsd"><responseDate>2026-04-27T14:37:29Z</responseDate><request verb="GetRecord" identifier="oai:uvadoc.uva.es:10324/33367" metadataPrefix="marc">https://uvadoc.uva.es/oai/request</request><GetRecord><record><header><identifier>oai:uvadoc.uva.es:10324/33367</identifier><datestamp>2021-06-29T23:07:49Z</datestamp><setSpec>com_10324_38</setSpec><setSpec>col_10324_852</setSpec></header><metadata><record xmlns="http://www.loc.gov/MARC21/slim" xmlns:doc="http://www.lyncode.com/xoai" xmlns:xsi="http://www.w3.org/2001/XMLSchema-instance" xmlns:dcterms="http://purl.org/dc/terms/" xsi:schemaLocation="http://www.loc.gov/MARC21/slim http://www.loc.gov/standards/marcxml/schema/MARC21slim.xsd">
<leader>00925njm 22002777a 4500</leader>
<datafield tag="042" ind1=" " ind2=" ">
<subfield code="a">dc</subfield>
</datafield>
<datafield tag="720" ind1=" " ind2=" ">
<subfield code="a">Navarro Pérez, Alba</subfield>
<subfield code="e">author</subfield>
</datafield>
<datafield tag="260" ind1=" " ind2=" ">
<subfield code="c">2018</subfield>
</datafield>
<datafield tag="520" ind1=" " ind2=" ">
<subfield code="a">El origen de la cultura (cultura material) ha suscitado un especial interés dentro de los estudios de evolución humana, pues tradicionalmente ésta se había considerado exclusiva del género Homo. En el presente trabajo expongo cómo se han desarrollado las investigaciones desde la década de 1960 hasta nuestros días, desde los campos de la primatología y la arqueología, como principales ciencias implicadas. Los resultados de estas investigaciones han provocado un cambio de paradigma por el que se ha pasado a considerar la cultura como un elemento no exclusivo de los humanos.</subfield>
</datafield>
<datafield tag="520" ind1=" " ind2=" ">
<subfield code="a">The origin of culture (material culture) has raised a significant interest within the studies in human evolution. Material cultural has traditionally been considered an exclusive quality of the genus Homo. In the present work I present the advances undertaken between the decade of 1960 and the present day in the fields of primatology and archaeology. The results of these investigations have triggered a paradigm shift that has led us to consider culture as a non-exclusive human trait.</subfield>
</datafield>
<datafield tag="024" ind2=" " ind1="8">
<subfield code="a">http://uvadoc.uva.es/handle/10324/33367</subfield>
</datafield>
<datafield tag="245" ind1="0" ind2="0">
<subfield code="a">Las primeras herramientas líticas: en torno al origen de la cultura material en África</subfield>
</datafield>
</record></metadata></record></GetRecord></OAI-PMH>